000 01167cam a22003377a 4500
003 CHAP
005 20220329141817.0
008 971013s1978 r 00010 d
010 _a74205
011 _a75177
035 _a84737
040 _cCHAP
090 _aTesis
100 0 0 _aGarza y Garza, Filiberto de la.
_947167
245 0 _aEstimación de la heredabilidad del área foliar y sus componentes en la planta de maíz (Zea mays L.) en Apodaca, N.L.
260 _a(Monterrey, N.L.) :
_bEl autor,
_c(1978)
300 _a80 h.
_b: gráfs.
502 _aTesis (Ing. Agrónomo Administrador) -- ITESM. Div. de Ciencias Agropecuarias y Marítimas
590 _aALEPH
_b10
_c20130110
_lUCH01
_h1418
590 _aBATCH-UPD
_b10
_c20130110
_lUCH01
_h0246
590 _aBATCH-UPD
_b10
_c20130110
_lUCH01
_h1720
590 _aBATCH-UPD
_b10
_c20130409
_lUCH01
_h2316
590 _aBATCH-UPD
_b10
_c20130914
_lUCH01
_h1532
590 _aCONVERSION
_b10
_c20130109
_lUCH01
_h1341
650 1 4 _aÁrea foliar.
_982450
650 1 4 _aMaíz
_xGenética.
_970963
650 1 4 _aMaíz
_xHojas.
_970975
901 _aBK
942 _cTESIS
949 _bBC
_cTES
_d-40230
_eTS1
_i84737
_si
999 _c74205
_d74205